Termohydraulické deje v reaktore VVER440 v režime výmeny paliva
Na minha lista:
| Autor principal: | |
|---|---|
| Outros Autores: | |
| Formato: | Manuscrito Livro |
| Idioma: | eslovaco |
| Publicado em: |
Bratislava : STU v Bratislave FEI, 2020
|
| Assuntos: | |
| Acesso em linha: | https://opac.crzp.sk/?fn=detailBiblioForm&sid=AFB64E0160B4F4E92046D49F9648&seo=CRZP-detail-kniha |
| Tags: |
Sem tags, seja o primeiro a adicionar uma tag!
|
MARC
| LEADER | 00000ntm a22000003a 4500 | ||
|---|---|---|---|
| 001 | stuzp72529 | ||
| 003 | SK-STU | ||
| 005 | 20200804114211.3 | ||
| 007 | ta | ||
| 008 | 150427s2015----xo-----f-mn---000-0-slo-d | ||
| 040 | |a STU |b slo | ||
| 041 | 0 | |a slo | |
| 044 | |a xo | ||
| 100 | 1 | |a Remiaš, Martin |u 030400 |4 aut |U FEI Fakulta elektrotechniky a informatiky |T FEI Ústav automobilovej mechatroniky |X 80678 |U E400 |Y 642 |7 80678 | |
| 242 | 0 | 1 | |a Thermohydraulic behaviour in reactor VVER440 under refuelling conditions |y eng |
| 245 | 1 | 0 | |a Termohydraulické deje v reaktore VVER440 v režime výmeny paliva |
| 260 | |c Bratislava : |c STU v Bratislave FEI, |c 2020 | ||
| 300 | |a 76 s. | ||
| 650 | 4 | |a VVER 440 |2 slo | |
| 650 | 4 | |a CFD |2 slo | |
| 650 | 4 | |a termohydraulika |2 slo | |
| 650 | 4 | |a BVP |2 slo | |
| 650 | 4 | |a VVER 440 |2 eng | |
| 650 | 4 | |a BVP |2 eng | |
| 650 | 4 | |a CFD |2 eng | |
| 650 | 4 | |a termohydraulic |2 eng | |
| 700 | 1 | |a Paulech, Juraj |u 030400 |k Z1 |4 ths |U FEI Fakulta elektrotechniky a informatiky |T FEI Ústav automobilovej mechatroniky |X 12290 |U E400 |Y 642 |7 A000012290 | |
| 856 | 4 | |u https://opac.crzp.sk/?fn=detailBiblioForm&sid=AFB64E0160B4F4E92046D49F9648&seo=CRZP-detail-kniha | |